000 00592nam a2200205Ia 4500
003 GCL
008 140319s9999 xx 000 0 ara d
040 _aGCL /
_cGCL
082 0 4 _a320.55
_bع ت
100 1 _aعمرو هاشم
245 1 0 _aالتطرف والارهاب دراسة اجتماعية نفسية سياسية /
_cعمرو هاشم
260 _a[S.N] :
_bمكتبة مدبولى ،
_c1991
300 _a62 ص
490 _a
650 0 4 _aمصر
650 0 4 _aالارهاب
650 0 4 _aالسياسة
650 0 4 _aالجرائم السياسية
942 _2ddc
_cBK
999 _c58597
_d58597